| 000 | 00348nam a2200145 i 4500 | ||
|---|---|---|---|
| 001 | bg | ||
| 100 | 1 | _aDEMBOWSKI, Edward | |
| 245 | 0 |
_aPisma społeczne i polityczne / _cEdward Dembowski. |
|
| 260 |
_aWarszawa, _c1979. |
||
| 040 | _cBPK | ||
| 041 | _apol | ||
| 080 | _a1A/Z:930.1(081) | ||
| 942 | _cKS | ||
| 008 | s pl f |000 0 pol | ||
| 999 |
_c20482 _d20482 |
||
| 856 |
_uhttp://koha.tu.koszalin.pl/cgi-bin/koha/opac-detail.pl?biblionumber=20482 _yKatalog online BPK |
||